000 00617nam a22001337a 4500
999 _c504252
_d504252
005 20180806163818.0
008 180806b ||||| |||| 00| 0 eng d
040 _c
100 _aIndia. Lok Sabha Secretariat
_9203
245 _aCommittee on the Welfare of Scheduled Castes and Scheduled Tribes, Reports
260 _aNew Delhi
_bThe author
500 _aLibrary has 5 (1-59), 7 (1-24, 26-57), 6 (1-35, 37-41), 8 (1-3, 5-20, 22, 25-28, 46-49), 9 (3, 6), 10 (1-2, 4-9, 11, 18-25, 27-36, 38-39, 41-44, 46-52, 54-55, 57-58, 60-65), 11 (2-4, 6-10), 12 (6-8), 13 (20, 23-28), 14 (1-3, 6, 9-21, 24-31)
942 _2ddc
_cGG